[Event "Catalunya-Iceland"]
[Site "Caldes de Malavella"]
[Date "2002.??.??"]
[Round "1"]
[White "Magem Badals"]
[Black "Gunnarsson"]
[Result "1/2-1/2"]
[WhiteElo "2506"]
[BlackElo "2369"]
[PlyCount "51"]
[EventDate "2002.11.14"]

1. e4 e5 2. Nf3 Nf6 3. Nxe5 d6 4. Nc4 Nxe4 5. Nc3 Nf6 6. d4 Be7 7. Bf4 O-O 8.
Qd2 a6 9. Be2 Re8 10. O-O-O c6 11. d5 b5 12. Ne3 c5 13. Bf3 Bf8 14. g4 b4 15.
Ne2 Nbd7 16. g5 Ne4 17. Bxe4 Rxe4 18. f3 Re8 19. Nc4 Nb6 20. Nxb6 Qxb6 21. Ng3
a5 22. h4 a4 23. h5 b3 24. a3 bxc2 25. Qxc2 Qb3 26. h6 1/2-1/2

[Event "Catalunya-Iceland"]
[Site "Caldes de Malavella"]
[Date "2002.??.??"]
[Round "1"]
[White "Sigfusson"]
[Black "Comas Fabrego"]
[Result "1-0"]
[WhiteElo "2367"]
[BlackElo "2496"]
[PlyCount "67"]
[EventDate "2002.11.14"]

1. e4 c5 2. Nf3 Nc6 3. d4 cxd4 4. Nxd4 Qc7 5. Nc3 e6 6. Be3 a6 7. a3 d6 8. Be2
Nf6 9. f4 Be7 10. g4 O-O 11. g5 Nd7 12. Qd2 Re8 13. O-O-O Nxd4 14. Qxd4 b5 15.
f5 Bb7 16. Rhg1 Rac8 17. Kb1 Nc5 18. Rg4 Bf8 19. g6 exf5 20. gxh7+ Kh8 21. exf5
Na4 22. Rdg1 f6 23. Bh6 Nxc3+ 24. bxc3 Rxe2 25. Bxg7+ Bxg7 26. Rxg7 Re1+ 27.
Kb2 Qxg7 28. Rxg7 Kxg7 29. Qxd6 Kxh7 30. Qd7+ Kh6 31. Qd2+ Kh5 32. Qxe1 Kg5 33.
Qe7 Bc6 34. Qe3+ 1-0

[Event "Catalunya-Iceland"]
[Site "Caldes de Malavella"]
[Date "2002.??.??"]
[Round "1"]
[White "Narciso Dublan"]
[Black "Thorfinnsson"]
[Result "1-0"]
[WhiteElo "2467"]
[BlackElo "2357"]
[PlyCount "99"]
[EventDate "2002.11.14"]

1. d4 Nf6 2. c4 e6 3. g3 c5 4. d5 exd5 5. cxd5 d6 6. Nc3 g6 7. Bg2 Bg7 8. Nf3
O-O 9. O-O Bg4 10. Nd2 Qd7 11. f3 Bh3 12. Bxh3 Qxh3 13. Nc4 Qd7 14. a4 Rd8 15.
Bf4 Ne8 16. e4 Na6 17. Qd2 Nb4 18. Rfe1 f6 19. Nd1 b6 20. Nf2 Qb7 21. Nd3 a5
22. Nf2 b5 23. axb5 Qxb5 24. Na3 Qb7 25. Qe2 Ra6 26. Bd2 Rda8 27. Bc3 Qf7 28.
Ng4 Kh8 29. Qd2 Nc7 30. Ne3 Qf8 31. Qe2 Re8 32. Qc4 Qe7 33. Re2 Rb6 34. Rae1
Qd7 35. f4 Nb5 36. Nxb5 Qxb5 37. Qxb5 Rxb5 38. Nc4 Rd8 39. e5 fxe5 40. fxe5
dxe5 41. Nxe5 Kg8 42. Nc6 Bxc3 43. bxc3 Nxc6 44. dxc6 Rf8 45. c7 c4 46. Re7 Rd5
47. Rb1 a4 48. Rb8 Rc5 49. Rxf8+ Kxf8 50. Rd7 1-0

[Event "Catalunya-Iceland"]
[Site "Caldes de Malavella"]
[Date "2002.??.??"]
[Round "1"]
[White "Gunnarsson"]
[Black "Jerez Perez"]
[Result "0-1"]
[WhiteElo "2343"]
[BlackElo "2392"]
[PlyCount "70"]
[EventDate "2002.11.14"]

1. Nf3 Nf6 2. c4 g6 3. g3 Bg7 4. Bg2 O-O 5. O-O c6 6. d3 d5 7. Qc2 Bf5 8. Nbd2
a5 9. b3 d4 10. Bb2 c5 11. Ne4 Qb6 12. Nh4 Bxe4 13. Bxe4 Nxe4 14. dxe4 Nc6 15.
Ng2 a4 16. Rad1 axb3 17. axb3 Ra2 18. Nf4 d3 19. Nxd3 Bxb2 20. Qb1 Rfa8 21.
Nxb2 Nd4 22. Rxd4 Ra1 23. Qxa1 Rxa1 24. Rd8+ Qxd8 25. Rxa1 Qd4 26. Ra8+ Kg7 27.
Nd3 Qxe4 28. Nxc5 Qxe2 29. Rd8 b6 30. Na4 Qe1+ 31. Kg2 Qe4+ 32. Kh3 g5 33. Rd5
f5 34. Rb5 h6 35. Nc3 g4+ 0-1

[Event "Catalunya-Iceland"]
[Site "Caldes de Malavella"]
[Date "2002.??.??"]
[Round "1"]
[White "Fluvia Poyatos"]
[Black "Kjartansson"]
[Result "1-0"]
[WhiteElo "2461"]
[BlackElo "2224"]
[PlyCount "63"]
[EventDate "2002.11.14"]

1. e4 c6 2. d4 d5 3. f3 g6 4. e5 h5 5. Ne2 Nh6 6. Nf4 Bf5 7. Nc3 Bg7 8. Be2 Qc8
9. Be3 Be6 10. Bf2 Nf5 11. Qd2 Bh6 12. O-O-O b5 13. g4 Bxf4 14. Qxf4 Ng7 15. h3
a5 16. Bd3 a4 17. Qg5 Bd7 18. Bh4 Qd8 19. Ne2 Ne6 20. Qe3 Qa5 21. f4 a3 22. b3
Na6 23. f5 Nf8 24. Qg5 O-O-O 25. Qxe7 Re8 26. Qxf7 hxg4 27. hxg4 Nb4 28. Kb1
Nxd3 29. cxd3 gxf5 30. gxf5 Rh7 31. Qf6 Rh5 32. Be1 1-0

[Event "Catalunya-Iceland"]
[Site "Caldes de Malavella"]
[Date "2002.??.??"]
[Round "1"]
[White "Halldorsson"]
[Black "Fluvia Poyatos"]
[Result "0-1"]
[WhiteElo "2168"]
[BlackElo "2301"]
[PlyCount "62"]
[EventDate "2002.11.14"]

1. e4 e5 2. Nf3 Nc6 3. Bb5 Nf6 4. O-O Nxe4 5. d4 Nd6 6. dxe5 Nxb5 7. a4 d6 8.
axb5 Nxe5 9. Nd4 Be7 10. f4 Ng4 11. c4 d5 12. cxd5 O-O 13. Nc3 Bc5 14. Qd3 Qf6
15. Ra4 Bf5 16. Qc4 b6 17. Kh1 Bc2 18. Nf3 Bxa4 19. Nxa4 Be3 20. b3 Rfe8 21.
Qc2 Qxf4 22. Bb2 f6 23. Nc3 Bc5 24. Bc1 Qb4 25. Bd2 Nf2+ 26. Kg1 Ng4+ 27. Kh1
Ne3 28. Bxe3 Rxe3 29. Rc1 Qf4 30. Na4 Bd6 31. Rg1 Rae8 0-1

[Event "Catalunya-Iceland"]
[Site "Caldes de Malavella"]
[Date "2002.??.??"]
[Round "1"]
[White "Alfonso Nogue"]
[Black "Thorsteinsdottir"]
[Result "0-1"]
[WhiteElo "2201"]
[BlackElo "2140"]
[PlyCount "74"]
[EventDate "2002.11.14"]

1. d4 d5 2. c4 c6 3. Qc2 dxc4 4. Qxc4 Bf5 5. Nc3 Nf6 6. Nf3 e6 7. Bg5 Nbd7 8.
e4 Bg4 9. Be2 Qa5 10. Bd2 Bb4 11. O-O O-O 12. h3 Bxf3 13. Bxf3 e5 14. a3 Bxc3
15. Bxc3 Qc7 16. Rfe1 Rfe8 17. g3 Rad8 18. Bg2 exd4 19. Bxd4 Ne5 20. Qa4 b6 21.
f4 Ned7 22. Rac1 Nb8 23. Be5 Qb7 24. Bxb8 Qxb8 25. Rxc6 Rd2 26. Qb4 Red8 27.
Rec1 h5 28. e5 Ne8 29. Rc8 Rxg2+ 30. Kxg2 Rxc8 31. Re1 Rc2+ 32. Kf3 Qb7+ 33.
Re4 Qc6 34. f5 Qc5 35. Qxc5 Rxc5 36. Kf4 f6 37. e6 Nd6 0-1

[Event "Catalunya-Iceland"]
[Site "Caldes de Malavella"]
[Date "2002.??.??"]
[Round "2"]
[White "Gunnarsson"]
[Black "Magem Badals"]
[Result "1/2-1/2"]
[WhiteElo "2369"]
[BlackElo "2506"]
[PlyCount "90"]
[EventDate "2002.11.14"]

1. e4 c5 2. Nf3 Nc6 3. d4 cxd4 4. Nxd4 Qc7 5. Nc3 e6 6. a3 a6 7. Be3 Nf6 8. Be2
b5 9. f4 Bb7 10. Bf3 Nxd4 11. Qxd4 h5 12. h3 h4 13. O-O Rc8 14. Rad1 Nh5 15. b4
Be7 16. Rd3 Bf6 17. e5 Be7 18. Bxh5 Rxh5 19. Rfd1 Rd8 20. R1d2 f6 21. Qb6 Qc6
22. Bd4 Rf5 23. Qxc6 Bxc6 24. Ne2 Kf7 25. exf6 gxf6 26. Be3 e5 27. g4 hxg3 28.
Nxg3 Rg8 29. Kh2 Rxg3 30. Kxg3 Ke6 31. Kg4 d5 32. Rf2 Be8 33. fxe5 Bh5+ 34. Kg3
Rxf2 35. Bxf2 fxe5 36. c3 Bg5 37. Kg2 Bf4 38. h4 e4 39. Rh3 Bg4 40. Rg3 Kf5 41.
Be3 Bxg3 42. Kxg3 Bh5 43. Bg5 e3 44. Bxe3 Ke4 45. Bd4 Bd1 1/2-1/2

[Event "Catalunya-Iceland"]
[Site "Caldes de Malavella"]
[Date "2002.??.??"]
[Round "2"]
[White "Comas Fabrego"]
[Black "Sigfusson"]
[Result "1-0"]
[WhiteElo "2496"]
[BlackElo "2367"]
[PlyCount "67"]
[EventDate "2002.11.14"]

1. d4 f5 2. g3 e6 3. c4 d5 4. Bg2 c6 5. Nh3 Nf6 6. O-O Be7 7. Nd2 O-O 8. Qc2
Ng4 9. Nf3 Qe8 10. Bd2 Nd7 11. a3 Nb6 12. b3 Kh8 13. Nf4 g5 14. Nd3 Qh5 15. Qc1
h6 16. Bb4 Bxb4 17. axb4 Nd7 18. b5 dxc4 19. bxc4 cxb5 20. cxb5 Ngf6 21. Ra2
Nd5 22. Nfe5 N7b6 23. Qc5 Kg8 24. Rfa1 a6 25. g4 Qe8 26. gxf5 Qd8 27. e4 Nf4
28. Nxf4 gxf4 29. Ng6 Rf7 30. Nxf4 exf5 31. Ra3 fxe4 32. Rg3+ Rg7 33. Rxg7+
Kxg7 34. Ra3 1-0

[Event "Catalunya-Iceland"]
[Site "Caldes de Malavella"]
[Date "2002.??.??"]
[Round "2"]
[White "Thorfinnsson"]
[Black "Narciso Dublan"]
[Result "1/2-1/2"]
[WhiteElo "2357"]
[BlackElo "2467"]
[PlyCount "101"]
[EventDate "2002.11.14"]

1. d4 d5 2. Nf3 Nf6 3. c4 e6 4. Nc3 Be7 5. Bf4 O-O 6. e3 c5 7. dxc5 Bxc5 8. Qc2
Nc6 9. O-O-O Bd7 10. a3 Rc8 11. Kb1 Be7 12. g4 Nxg4 13. cxd5 exd5 14. Rxd5 Nf6
15. Rd1 Qa5 16. Rg1 Bf5 17. Bd3 Bxd3 18. Qxd3 Rfd8 19. Qc2 Rxd1+ 20. Rxd1 Rd8
21. Rxd8+ Qxd8 22. Ng5 h6 23. Nge4 Nh5 24. Bg3 Nxg3 25. hxg3 Ne5 26. Qb3 Qd3+
27. Ka2 b6 28. Qd5 Qxd5+ 29. Nxd5 Kf8 30. Kb3 f5 31. Nec3 Nd3 32. Nd1 g5 33.
Kc4 Nxb2+ 34. Nxb2 Bxa3 35. Nd3 Kf7 36. Kd4 Bd6 37. Nc3 Ke6 38. Nb5 a6 39. Nxd6
Kxd6 40. f4 gxf4 41. exf4 a5 42. Ne5 b5 43. Nd3 b4 44. Kc4 Ke6 45. Nc5+ Kf6 46.
Kd5 Kg6 47. Ke5 b3 48. Nxb3 a4 49. Nc1 a3 50. Na2 Kh5 51. Kxf5 1/2-1/2

[Event "Catalunya-Iceland"]
[Site "Caldes de Malavella"]
[Date "2002.??.??"]
[Round "2"]
[White "Jerez Perez"]
[Black "Gunnarsson"]
[Result "1-0"]
[WhiteElo "2392"]
[BlackElo "2343"]
[PlyCount "55"]
[EventDate "2002.11.14"]

1. e4 c5 2. Nf3 d6 3. d4 cxd4 4. Nxd4 Nf6 5. Nc3 e6 6. Bc4 a6 7. Bb3 Nc6 8. Be3
Bd7 9. Qe2 Na5 10. O-O-O Be7 11. g4 Nxb3+ 12. axb3 Bc6 13. Nxc6 bxc6 14. g5 Nd7
15. f4 Qc8 16. h4 a5 17. h5 Qa6 18. Qg4 O-O-O 19. Bd4 Bf8 20. h6 Rg8 21. hxg7
Bxg7 22. Bxg7 Rxg7 23. Rxd6 Nf8 24. Rxd8+ Kxd8 25. Qd1+ Kc8 26. Qg1 e5 27. Qc5
Nd7 28. Qe7 1-0

[Event "Catalunya-Iceland"]
[Site "Caldes de Malavella"]
[Date "2002.??.??"]
[Round "2"]
[White "Kjartansson"]
[Black "Fluvia Poyatos"]
[Result "1/2-1/2"]
[WhiteElo "2224"]
[BlackElo "2461"]
[PlyCount "75"]
[EventDate "2002.11.14"]

1. f4 d5 2. Nf3 Bg4 3. e3 Nd7 4. h3 Bxf3 5. Qxf3 Ngf6 6. d4 Ne4 7. Nd2 Nxd2 8.
Bxd2 e6 9. g4 c5 10. c3 h5 11. O-O-O Qa5 12. Kb1 O-O-O 13. c4 Qb6 14. cxd5 hxg4
15. hxg4 Rxh1 16. Qxh1 cxd4 17. dxe6 Qxe6 18. f5 Qb6 19. exd4 Qxd4 20. Rc1+ Kb8
21. Bc3 Qd6 22. Be2 Re8 23. Rd1 Qb6 24. Rxd7 Rxe2 25. Qd1 Re8 26. Rxf7 Bb4 27.
Bd4 Qc6 28. Bc3 Bxc3 29. bxc3 Qxc3 30. Rxb7+ Kxb7 31. Qd7+ Kb6 32. Qxe8 Qb4+
33. Kc2 Qxg4 34. Qe6+ Kc5 35. Qe7+ Kd5 36. Qd7+ Ke5 37. Qxa7 Qxf5+ 38. Kd2
1/2-1/2

[Event "Catalunya-Iceland"]
[Site "Caldes de Malavella"]
[Date "2002.??.??"]
[Round "2"]
[White "Fluvia Poyatos"]
[Black "Halldorsson"]
[Result "1-0"]
[WhiteElo "2301"]
[BlackElo "2168"]
[PlyCount "77"]
[EventDate "2002.11.14"]

1. e4 c5 2. Nf3 d6 3. d3 Nc6 4. g3 g6 5. Bg2 Bg7 6. O-O e6 7. c3 Nge7 8. Re1
O-O 9. Nbd2 Qc7 10. Nf1 e5 11. a3 a6 12. b4 b6 13. Bb2 Rd8 14. Ne3 b5 15. Qb3
h6 16. Nd2 Rb8 17. f4 Be6 18. Nd5 Qd7 19. Nf1 f6 20. Nfe3 Bf7 21. Rf1 Nxd5 22.
exd5 Ne7 23. bxc5 dxc5 24. fxe5 fxe5 25. Rxf7 Kxf7 26. d6+ Qe6 27. Rf1+ Bf6 28.
Bd5 Nxd5 29. Nxd5 c4 30. dxc4 bxc4 31. Qxc4 Rdc8 32. Qd3 Rxb2 33. Rxf6+ Qxf6
34. Nxf6 Kxf6 35. d7 Rd8 36. Qd6+ Kf7 37. c4 e4 38. c5 e3 39. Qf4+ 1-0

[Event "Catalunya-Iceland"]
[Site "Caldes de Malavella"]
[Date "2002.??.??"]
[Round "2"]
[White "Thorsteinsdottir"]
[Black "Alfonso Nogue"]
[Result "1/2-1/2"]
[WhiteElo "2140"]
[BlackElo "2201"]
[PlyCount "113"]
[EventDate "2002.11.14"]

1. d4 f5 2. Bg5 h6 3. Bh4 g5 4. e3 Nf6 5. Bg3 d6 6. Bd3 Nc6 7. Nc3 e5 8. d5 Nb4
9. h4 Nxd3+ 10. Qxd3 Rg8 11. O-O-O Bd7 12. hxg5 hxg5 13. f4 gxf4 14. exf4 e4
15. Qe3 Ng4 16. Qe1 Bg7 17. Nh3 Qe7 18. Bh4 Bf6 19. Bxf6 Qxf6 20. Nb1 O-O-O 21.
Nd2 c6 22. Nb3 cxd5 23. Rxd5 Bc6 24. Rd4 Kb8 25. Qe2 b6 26. Rhd1 e3 27. Ng5 Nf2
28. Rg1 Ne4 29. Qxe3 Nxg5 30. fxg5 Qxg5 31. Qxg5 Rxg5 32. g3 Kc7 33. Rh4 Rdg8
34. Nd4 Bd7 35. Rh7 R5g7 36. Rxg7 Rxg7 37. Ne2 Bc6 38. Nf4 Kd7 39. Kd2 Be4 40.
a3 a6 41. c3 Rh7 42. Re1 Bf3 43. c4 Rh2+ 44. Kc3 Rf2 45. b4 Be4 46. Re3 Kc6 47.
Ne2 d5 48. Kd4 dxc4 49. Kxc4 Kd6 50. Kd4 Bc6 51. Kc3 Rf3 52. Rxf3 Bxf3 53. Nd4
Be4 54. b5 axb5 55. Nxb5+ Ke5 56. Nd4 Bb1 57. a4 1/2-1/2